Quizzes
Events
Quiz Creation
Community
Videos
Private Events
Remove Ads
Sign In
Join for FREE
Feedback
Dark Mode
Quiz Categories
Sports
Geography
Music
Movies
Television
Just For Fun
Miscellaneous
History
Literature
Language
Science
Gaming
Entertainment
Religion
Holiday
For Kids
Quiz Lab
Recent
Popular Today
Quiz Kudos Today
Editor Picks
Curator Picks
Quizzes by...
Day
Popularity
Type
Ratings
Length
Year
Community
Subscriptions
Recent Discussions
Orange Saloon
Badges
Playlists
Quests
Create
Leaderboards
Showdown
Live 5
Trivia Bingo
Activity
Puzzle Library
Sporcle Events
Private Events
Virtual Trivia
Globe League
Become a Host
Pub Owners
SporcleCon
Opinionation
Our Games
Videos
Blog
Mobile Apps
Partnerships
Remove Ads and Go Orange
Feedback
Geography
Country
Landmarks
City
State
Population
World
Capital
Continent
Flags
Europe
Africa
Asia
South America
North America
Oceania
Border
Canada
United Kingdom
Topography
United States
Geography
Country
Landmarks
City
State
Population
World
Capital
Continent
Flags
Europe
Africa
Asia
South America
North America
Oceania
Border
Canada
United Kingdom
Topography
United States
Random Quiz
Search Sporcle
×
Quiz Lab
Quiz Lab
Geography
Country
Type in answers that appear in a list
Type in answers that appear in a list
Classic
Best Score? Go Orange.
World capitals by country Stats
Can you name the World capitals by country?
By
flameheaded
20m
195 Questions
156 Plays
156 Plays
156 Plays
Comments
Comments
Give Quiz Kudos
Give Quiz Kudos
-
- Ratings
hide this ad
Replay
Link that replays current quiz
Next Quiz
Link to next quiz in quiz playlist
You Got
0%
They Got
Avg Score
51%
Avg Friend Score
Upgrade to see
Score Distribution
Jump to the score distribution portion of the page
Score
0/195
Timer
20:00
0
Plays Today
Country
Capital
% Correct
Austria
Vienna
89.7%
Argentina
Buenos Aires
87.8%
Afghanistan
Kabul
87.2%
Australia
Canberra
86.5%
Brazil
Brasilia
86.5%
Belgium
Brussels
85.9%
Algeria
Algiers
85.3%
Ireland
Dublin
82.1%
Italy
Rome
82.1%
Japan
Tokyo
80.8%
Poland
Warsaw
80.8%
Russia
Moscow
80.1%
Canada
Ottawa
79.5%
India
New Delhi
79.5%
France
Paris
78.8%
Iraq
Baghdad
78.8%
Israel
Jerusalem
78.8%
Portugal
Lisbon
78.8%
Germany
Berlin
78.2%
PR of China
Beijing
78.2%
Mexico
Mexico City
77.6%
Greece
Athens
76.9%
Hungary
Budapest
76.9%
Jamaica
Kingston
76.9%
Belarus
Minsk
76.3%
Iran
Tehran
76.3%
Czech Republic
Prague
75.6%
United Kingdom
London
75.6%
USA
Washington DC
75.6%
Denmark
Copenhagen
75%
Finland
Helsinki
75%
Peru
Lima
75%
Luxembourg
Luxembourg
74.4%
Sweden
Stockholm
74.4%
Andorra
Andorra la Vella
73.7%
Norway
Oslo
73.7%
Spain
Madrid
73.7%
Bosnia Herzegovina
Sarajevo
73.1%
Chile
Santiago
73.1%
Cuba
Havana
73.1%
Iceland
Reykjavik
73.1%
Kenya
Nairobi
73.1%
Egypt
Cairo
72.4%
Haiti
Port-au-prince
72.4%
Bulgaria
Sofia
71.8%
Colombia
Bogota
71.8%
Indonesia
Jakarta
71.8%
Kuwait
Kuwait City
71.8%
Singapore
Singapore
71.2%
South Korea
Seoul
71.2%
Thailand
Bangkok
71.2%
Bolivia
La Paz
70.5%
Netherlands
Amsterdam
70.5%
Romania
Bucharest
69.9%
San Marino
San Marino
69.9%
Vatican
Vatican City
69.9%
Monaco
Monaco
69.2%
Philippines
Manila
68.6%
Switzerland
Bern
67.9%
El Salvador
San Salvador
67.3%
Panama
Panama City
66.7%
Turkey
Ankara
66.7%
North Korea
Pyongyang
65.4%
South Africa
Pretoria
65.4%
Ecuador
Quito
64.7%
Country
Capital
% Correct
Bahamas
Nassau
64.1%
Ukraine
Kiev
64.1%
Croatia
Zagreb
63.5%
Latvia
Riga
63.5%
Libya
Tripoli
63.5%
New Zealand
Wellington
62.8%
Saudi Arabia
Riyadh
62.8%
Albania
Tirana
62.2%
Pakistan
Islamabad
62.2%
UAE
Abu Dhabi
62.2%
Lebanon
Beirut
61.5%
Slovakia
Bratislava
61.5%
Uruguay
Montevideo
61.5%
Estonia
Tallinn
60.9%
Tunisia
Tunis
60.3%
Bangladesh
Dhaka
59.6%
Djibouti
Djibouti
59.6%
Guatemala
Guatemala City
59.6%
Vietnam
Hanoi
59%
Ethiopia
Addis Ababa
59%
Taiwan
Taipei
58.3%
Jordan
Amman
57.7%
Morocco
Rabat
57.1%
Cyprus
Nicosia
56.4%
Guyana
Georgetown
56.4%
Malaysia
Kuala Lumpur
56.4%
Paraguay
Asuncion
56.4%
Cambodia
Phnom Penh
55.1%
Guinea-
Bissau
Bissau
55.1%
Barbados
Bridgetown
54.5%
Serbia
Belgrade
53.8%
Costa Rica
San Jose
53.2%
Lithuania
Vilnius
53.2%
Slovenia
Ljubljana
52.6%
Dominican Republic
Santo Domingo
51.3%
Qatar
Doha
51.3%
Sudan
Khartoum
51.3%
Venezuela
Caracas
51.3%
Nepal
Kathmandu
50.6%
Liberia
Monrovia
50%
Liechtenstein
Vaduz
50%
Sao Tome & Principe
Sao Tome
50%
Syria
Damascus
50%
Antigua and Barbuda
St John's
49.4%
Malta
Valletta
49.4%
Belize
Belmopan
48.7%
Ghana
Accra
46.8%
Trinidad and Tobago
Port of Spain
46.8%
Somalia
Mogadishu
45.5%
Burkina Faso
Ouagadougou
44.9%
Senegal
Dakar
44.9%
Azerbaijan
Baku
44.2%
Kosovo
Pristina
44.2%
Sierra Leone
Freetown
44.2%
Angola
Luanda
43.6%
Honduras
Tegucigalpa
43.6%
Zimbabwe
Harare
43.6%
Georgia
Tbilisi
42.9%
St. Vincent & Gren.
Kingstown
42.9%
Oman
Muscat
41%
Armenia
Yerevan
40.4%
Bahrein
Manama
40.4%
Dem. Rep. of the Congo
Kinshasa
39.7%
Kazachstan
Astana
39.7%
Rep. of Macedonia
Skopje
39.7%
Country
Capital
% Correct
Seychelles
Victoria
39.7%
Guinea
Conakry
38.5%
Laos
Vientiane
38.5%
Maldives
Male
38.5%
Nicaragua
Managua
37.8%
Grenada
St. George's
37.2%
Madagascar
Antananarivo
37.2%
Rep. of the Congo
Brazzaville
36.5%
Cameroon
Yaounde
35.3%
Kyrgyzstan
Bishkek
35.3%
Cape Verde
Praia
34.6%
Bhutan
Thimphu
34%
Moldova
Chisinau
34%
Nigeria
Abuja
33.3%
Uzbekistan
Tashkent
33.3%
Benin
Porto Novo
32.7%
Montenegro
Podgorica
32.7%
Fiji
Suva
32.1%
Namibia
Windhoek
32.1%
Botswana
Gaborone
31.4%
Papua New Guinea
Port Moresby
31.4%
Dominica
Roseau
30.8%
Chad
N'Djamena
30.1%
Uganda
Kampala
30.1%
Yemen
Sana'a
29.5%
Central African Republic
Bangui
28.2%
Cote d'Ivoire
Yamoussoukro
28.2%
Rwanda
Kigali
28.2%
Gabon
Libreville
27.6%
Malawi
Lilongwe
27.6%
Brunei
Bandar Seri Begawan
26.9%
Burundi
Bujumbura
26.9%
Eritrea
Asmara
26.3%
Mali
Bamako
26.3%
Mauritius
Port Louis
26.3%
Samoa
Apia
26.3%
Suriname
Paramaribo
26.3%
St Lucia
Castries
25.6%
Tuvalu
Funafuti
25.6%
Niger
Niamey
25%
Timor-
Leste
Dili
25%
Comoros
Moroni
24.4%
Mauritania
Nouakchott
24.4%
Zambia
Lusaka
24.4%
Tanzania
Dodoma
23.7%
Togo
Lome
23.7%
Turkmenistan
Ashgabat
23.7%
Lesotho
Maseru
23.1%
Mozambique
Maputo
22.4%
St. Kitts and Nevis
Basseterre
21.2%
Swaziland
Mbabane
21.2%
Tajikistan
Dushanbe
21.2%
The Gambia
Banjul
21.2%
Mongolia
Ulaan Bator
19.9%
Myanmar
Naypyidaw
19.9%
Vanuatu
Port Vila
19.9%
Nauru
Yaren
19.2%
Tonga
Nuku'alofa
19.2%
Equatorial Guinea
Malabo
18.6%
Kiribati
Tarawa
16.7%
Marshall Islands
Majuro
16.7%
Micronesia
Palikir
16%
Solomon Islands
Honiara
15.4%
Sri Lanka
Kotte
15.4%
Palau
Melekeok
12.8%
Quiz Playlist
Details
Report
Send in Message
Add To Playlist
Classic:
Type in answers that appear in a list
Last Updated: Feb 16, 2017
Quiz Scoreboard
CHALLENGE
Sign Up to Join the Scoreboard
Show All
Scores
Hide
Comments
May contain spoilers
Recently Published
Presidents Visiting Landmarks
by Hejman
History
7m
An Introduction to Baseball
by treessimontrees
Sports
5m
Movies - When Are They Set?
by FPL_Elf
Movies
5m
More to Explore
Quiz From the Vault
Featured Blog Post
Where Did the Easter Bunny Come From?
hide this ad
You Might Also Like...
Tags
Capital Quiz
Country Quiz
World Quiz
Today's Top Quizzes in Geography
Browse Geography
hide this ad
Today's Top Quizzes in Country
Browse Country
Top Contributed Quizzes in Geography
1
Countries of the World - No Outlines Minefield
2
Top 25 Cities of France on a map
3
Any capital of a 'B' country per Continent
4
Closest Countries to UK A-Z
5
One Thing in Common: United Kingdom
6
Any capital of a 'C' country per Continent
7
Find the Provinces of Canada - No Outlines Minefield
8
Any capital of a 'D' country per Continent
9
Find the US States - No Outlines
10
Blind Secret Country CLXXXVIII
Explore More
Trending Topics
Kpop
Harry Potter
NBA
Anime
Disney
Marvel
Crossword
Puzzle
Pokémon
Country
Song
Soccer
WWE
The Office
NFL
hide this ad
More By:
flameheaded
Quiz
Plays
Rating
Category
Featured
Created
World capitals by country
156
2.60
Geography
Jun 24, 2010
US Presidents without hints
37
History
Nov 1, 2016
Go to Creator's Profile
Score Distribution
Quiz Creator Spotlight
flameheaded
Follow
Send a Message
Quizzes Created
-
Created Quiz Play Count
-
More By This Creator
Popular Quizzes Today
1
Find the US States - No Outlines Minefield
2
Find the Countries of Europe - No Outlines Minefield
3
The Countries of the World
4
Popular People in 1961
5
Find the US States
6
US States
7
Risky Map Clicking: Biggest States A-Z
8
1-10 Letter E Words III
More Geography Quizzes
Click the Mississippi River States
Published
Trending Quizzes
Risky Map Clicking: Least Populous States A-Z
1-10 Letter F Words
1-10 Letter G Words
One Thing in Common: United Kingdom
Risky Map Clicking: Next State Alphabetically
Recently Updated
Leaping Animals
pecheneg
Reality TV Shows (A-Z)
bhenderson79
Rickey Henderson's Hall of Fame Teammates
pecheneg
Champions League XIs: Arsenal
pecheneg
Quick Pick: Celebrities in WWE's Hall of Fame
aduchscher
A-Z Keypad Blitz II
pecheneg
Multiple Oscar Actors
pecheneg
Mystery Phrase Blitz: Oscar 'Best Actors'
pecheneg
F. Scott Fitzgerald Novels
LTH
Pick 3 Villains
ddd62291
Trending Topics
Kpop
Crossword
Disney
Anime
Harry Potter
Marvel
NBA
Song
WWE
The Office
Soccer
NFL
Pokémon
Country
Puzzle
Your Account Isn't Verified!
In order to create a playlist on Sporcle, you need to verify the email address you used during registration. Go to your
Sporcle Settings
to finish the process.
Report this User
Report this user for behavior that violates our
Community Guidelines
.
Details:
Send Report
Go to the Sporcle.com Mobile Site →
Comments